El anexo siquiátrico de La Picota: ¡Una vergüenza nacional!

El anexo siquiátrico de La Picota: ¡Una vergüenza nacional

Guardado en:  
Detalles Bibliográficos
Autor principal: Arenas Salazar, Jorge (Autor)
Tipo de documento: Electrónico Libro
Lenguaje:Español
Publicado: 2016
En:Año: 2016
Acceso en línea: Volltext (kostenfrei)
Verificar disponibilidad: HBZ Gateway

MARC

LEADER 00000cam a22000002c 4500
001 1866932888
003 DE-627
005 20250115054929.0
007 cr uuu---uuuuu
008 231021s2016 xx |||||o 00| ||spa c
035 |a (DE-627)1866932888 
035 |a (DE-599)KXP1866932888 
040 |a DE-627  |b ger  |c DE-627  |e rda 
041 |a spa 
084 |a 2,1  |2 ssgn 
100 1 |a Arenas Salazar, Jorge  |e VerfasserIn  |4 aut 
245 1 3 |a El anexo siquiátrico de La Picota: ¡Una vergüenza nacional! 
264 1 |c 2016 
336 |a Text  |b txt  |2 rdacontent 
337 |a Computermedien  |b c  |2 rdamedia 
338 |a Online-Ressource  |b cr  |2 rdacarrier 
520 |a El anexo siquiátrico de La Picota: ¡Una vergüenza nacional 
856 4 0 |u https://core.ac.uk/download/290653314.pdf  |x Verlag  |z kostenfrei  |3 Volltext  |7 0 
935 |a mkri 
951 |a BO 
ELC |a 1 
LOK |0 000 xxxxxcx a22 zn 4500 
LOK |0 001 4394742943 
LOK |0 003 DE-627 
LOK |0 004 1866932888 
LOK |0 005 20231021043646 
LOK |0 008 231021||||||||||||||||ger||||||| 
LOK |0 035   |a (DE-2619)CORE79766489 
LOK |0 040   |a DE-2619  |c DE-627  |d DE-2619 
LOK |0 092   |o n 
LOK |0 852   |a DE-2619 
LOK |0 852 1  |9 00 
LOK |0 935   |a core 
LOK |0 939   |a 21-10-23  |b l01 
OAS |a 1 
ORI |a SA-MARC-krimdoka001.raw